000 00628nam a22001217a 4500
008 110620t xxu||||| |||| 00| 0 eng d
010 _aCACAF63
245 _aCourt of Appeal Civil Appeal No. 13 OF 2003 Muwanga Estates Ltd and another Vs NPART
260 _c2003
500 _aCoram: Hon. Lady Justice A.E.N. Mpagi-Bahigeine, JA Hon. Lady Justice C.K. Byamugisha, JA Hon. Mr. Justice S.B. Kavuma, JA
999 _c3362
_d3362